Name the Alola Pokémon in Order - Statistics

General Stats
  • This quiz has been taken 155 times
    117 since last reset
  • The average score is 66 of 88
Answer Stats
Hint Answer % Correct
#725 Litten
97%
#729 Brionne
94%
#723 Dartrix
94%
#724 Decidueye
94%
#727 Incineroar
94%
#728 Popplio
94%
#730 Primarina
94%
#722 Rowlet
94%
#726 Torracat
94%
#731 Pikipek
91%
#733 Toucannon
91%
#732 Trumbeak
91%
#735 Gumshoos
89%
#734 Yungoos
89%
#737 Charjabug
86%
#736 Grubbin
86%
#738 Vikavolt
86%
#741 Oricorio
80%
#740 Crabominable
77%
#739 Crabrawler
77%
#742 Cutiefly
77%
#743 Ribombee
77%
#745 Lycanroc
74%
#744 Rockruff
74%
#746 Wishiwashi
74%
#752 Araquanid
71%
#761 Bounsweet
71%
#790 Cosmoem
71%
#789 Cosmog
71%
#751 Dewpider
71%
#753 Fomantis
71%
#783 Hakamo-o
71%
#782 Jangmo-o
71%
#784 Kommo-o
71%
#792 Lunala
71%
#754 Lurantis
71%
#747 Mareanie
71%
#755 Morelull
71%
#749 Mudbray
71%
#750 Mudsdale
71%
#793 Nihilego
71%
#765 Oranguru
71%
#770 Palossand
71%
#766 Passimian
71%
#771 Pyukumuku
71%
#769 Sandygast
71%
#756 Shiinotic
71%
#773 Silvally
71%
#791 Solgaleo
71%
#762 Steenee
71%
#787 Tapu Bulu
71%
#788 Tapu Fini
71%
#785 Tapu Koko
71%
#786 Tapu Lele
71%
#748 Toxapex
71%
#763 Tsareena
71%
#772 Type: Null
71%
#807 Zeraora
71%
#806 Blacephalon
69%
#794 Buzzwole
69%
#797 Celesteela
69%
#768 Golisopod
69%
#799 Guzzlord
69%
#798 Kartana
69%
#775 Komala
69%
#809 Melmetal
69%
#808 Meltan
69%
#778 Mimikyu
69%
#774 Minior
69%
#804 Naganadel
69%
#800 Necrozma
69%
#795 Pheromosa
69%
#803 Poipole
69%
#757 Salandit
69%
#758 Salazzle
69%
#805 Stakataka
69%
#777 Togedemaru
69%
#776 Turtonator
69%
#767 Wimpod
69%
#796 Xurkitree
69%
#760 Bewear
66%
#779 Bruxish
66%
#764 Comfey
66%
#781 Dhelmise
66%
#780 Drampa
66%
#801 Magearna
66%
#802 Marshadow
66%
#759 Stufful
66%
No matching quizzes found
Score Distribution
Percent of People with Each Score
Percentile by Number Answered
Your Score History
You have not taken this quiz since the last reset